Réseaux sociaux les plus utilisés au monde (2025) - Statistiques

Statistiques générales
  • Ce quiz a été pris 175 fois
  • Le résultat moyen est 8 sur 15
Statistiques - réponses
Place Utilisateurs actifs (en millions) Application % Correct
3 2 000 Instagram
99%
5 1 590 Tiktok
97%
1 3 070 Facebook
96%
9 850 Snapchat
95%
4 2 000 Whatsapp
82%
14 586 X
82%
2 2 530 Youtube
66%
8 947 Messenger
51%
7 950 Telegram
49%
12 606 Reddit
22%
6 1 380 Wechat
9%
13 599 Weibo
4%
10 766 Douyin
3%
15 560 QQ
2%
11 714 Kuaishou
1%
Aucun quiz correspondant
Distribution des résultats
% des personnes avec chaque résultat
Percentile par nombre de réponses
Votre historique - résultats
Vous n’avez pas pris ce quiz